Normal view
MARC view
Entry Topical Term
001 - CONTROL NUMBER
- control field: 28874
003 - CONTROL NUMBER IDENTIFIER
- control field: ARRUPE
005 - DATE AND TIME OF LATEST TRANSACTION
- control field: 20170216112613.0
008 - FIXED-LENGTH DATA ELEMENTS
- fixed length control field: 170216|| aca||aabn | a|a d
040 ## - CATALOGING SOURCE
- Original cataloging agency: ARRUPE
- Transcribing agency: ARRUPE
150 ## - HEADING--TOPICAL TERM
- Topical term or geographic name as entry element: Catholic Church
- General subdivision: Catechism
670 ## - SOURCE DATA FOUND
- Source citation: Work cat.: (ARRUPE): Dube, Aleta 28872, Hongu Ndinotendera, 2013